|
|
|
|
| LEADER |
00000nam0a2200000 4500 |
| 001 |
273777 |
| 005 |
20231101234649.0 |
| 020 |
|
|
|a RU
|b 87-78673
|
| 035 |
|
|
|a (RuTPU)RU\TPU\book\296987
|
| 090 |
|
|
|a 273777
|
| 100 |
|
|
|a 20141029d1987 k y0rusy5003 ca
|
| 101 |
0 |
|
|a rus
|
| 102 |
|
|
|a RU
|
| 105 |
|
|
|a a z 001zy
|
| 200 |
1 |
|
|a Инженерно-сейсмометрическая служба СССР
|e [монография]
|f Академия наук СССР (АН СССР) ; Междуведомственный совет по сейсмологии и сейсмостойкому строительству ; отв. ред. Э. Е. Хачиян
|
| 210 |
|
|
|a Москва
|c Наука
|d 1987
|
| 215 |
|
|
|a 93,[2] с.
|c ил.
|d 22 см
|
| 320 |
|
|
|a Библиогр.: с. 86-91
|
| 606 |
1 |
|
|a Инженерные сооружения
|x Сейсмостойкость
|2 stltpush
|3 (RuTPU)RU\TPU\subj\12616
|9 39375
|
| 606 |
1 |
|
|a Сейсмология
|2 stltpush
|3 (RuTPU)RU\TPU\subj\54391
|9 72548
|
| 610 |
1 |
|
|a сейсмометрия
|
| 610 |
1 |
|
|a инженерно-сейсмологические исследования
|
| 610 |
1 |
|
|a наблюдения
|
| 610 |
1 |
|
|a оптимизация
|
| 610 |
1 |
|
|a инженерно-сейсмометрические службы
|
| 610 |
1 |
|
|a инженерно-сейсмометрическая информация
|
| 610 |
1 |
|
|a обработка
|
| 610 |
1 |
|
|a хранение
|
| 610 |
1 |
|
|a монографии
|
| 675 |
|
|
|a 624.042.7
|z rus
|v 3
|
| 675 |
|
|
|a 550.34
|z rus
|v 3
|
| 702 |
|
1 |
|a Хачиян
|b Э. Е.
|g Эдуард Ефремович
|4 340
|
| 712 |
0 |
2 |
|a Академия наук СССР (АН СССР)
|b Междуведомственный совет по сейсмологии и сейсмостойкому строительству
|c (1925-1991)
|2 stltpush
|3 (RuTPU)RU\TPU\col\722
|
| 801 |
|
0 |
|a RU
|b RuMRKP
|c 19960705
|g psbo
|
| 801 |
|
1 |
|a RU
|b 63413507
|c 20141029
|
| 801 |
|
2 |
|a RU
|b 63413507
|c 20160602
|g RCR
|
| 942 |
|
|
|c BK
|